Lakónegyedek és a kapcsolódó létesítmények A megyei WEB üléséről
Elmentve itt :
| Dokumentumtípus: | Cikk |
|---|---|
| Megjelent: |
1978-02-23
|
| Sorozat: | Délmagyarország
68 No. 46 |
| Kulcsszavak: | népi ellenőrzés |
| Online Access: | http://dmarchiv.bibl.u-szeged.hu/114632 |
| LEADER | 00453nab a2200145 i 4500 | ||
|---|---|---|---|
| 001 | delm114632 | ||
| 005 | 20190520113255.0 | ||
| 008 | 190520s1978 hu o 0|| hun d | ||
| 040 | |a SZTE Délmagyarország Archívum |b hun | ||
| 041 | |a hun | ||
| 245 | 0 | 0 | |a Lakónegyedek és a kapcsolódó létesítmények |h [elektronikus dokumentum] : |b A megyei WEB üléséről |
| 260 | |c 1978-02-23 | ||
| 300 | |a 3 | ||
| 490 | 0 | |a Délmagyarország |v 68 No. 46 | |
| 695 | |a népi ellenőrzés | ||